guess the twenty one pilots song #1 - Statistics

General Stats
  • This quiz has been taken 26 times
  • The average score is 134 of 219
Answer Stats
Answer % Correct
a
94%
be
94%
I
94%
"I
94%
You
94%
you
94%
you"
94%
the
88%
an
82%
he
82%
is
82%
love
82%
not
82%
on
82%
When
82%
when
82%
And
76%
and
76%
Don't
71%
that
71%
That
71%
song
65%
they
65%
to
65%
your
65%
for
59%
get
59%
like
59%
Like
59%
words
59%
have
53%
heard
53%
home
53%
in
53%
isn't
53%
Just
53%
never
53%
shy
53%
what
53%
wrote,
53%
wrote
53%
away
47%
better
47%
feeling
47%
Manifest
47%
own
47%
there
47%
There
47%
leave
41%
only
41%
searching
41%
Searching
41%
Shy Away
41%
skin
41%
won't
41%
you're
41%
behind
35%
Boy
35%
ceiling
35%
floor
35%
frame
35%
gone
35%
Take
35%
thing
35%
we're
35%
barely
29%
break
29%
Cause
29%
circle
29%
cycle
29%
half
29%
modesty
29%
pictures
29%
put
29%
Shed
29%
shed
29%
that's
29%
That's
29%
bets
24%
long
24%
placing
24%
recognize
24%
track
24%
No matching quizzes found
Score Distribution
Percent of People with Each Score
Percentile by Number Answered
Your Score History
You have not taken this quiz